|
|
|
|
| LEADER |
00727cam a2200217 7i4500 |
| 001 |
0000003001 |
| 005 |
20170218090000.0 |
| 020 |
|
|
|a 9780130180797
|
| 020 |
|
|
|a 0130180793 (hbk.)
|
| 090 |
0 |
0 |
|a HG173
|b .F64 2002
|
| 245 |
1 |
0 |
|a Foundations of financial markets and institutions
|c Frank J. Fabozzi...[et al.].
|
| 250 |
|
|
|a 3rd ed.
|
| 260 |
|
|
|a Upper Saddle River, N.J.:
|b Prentice Hall,
|c 2002.
|
| 300 |
|
|
|a xxiii, 663 p.:
|b col. ill.;
|c 27 cm.
|
| 504 |
|
|
|a Includes bibliographical references and index
|
| 650 |
0 |
0 |
|a Finance
|
| 650 |
0 |
0 |
|a Financial institutions
|
| 700 |
1 |
|
|a Fabozzi, Frank J
|
| 997 |
|
|
|a Business & Accountancy, Faculty
|
| 998 |
|
|
|a Finance, Degree
|
| 999 |
|
|
|a 0000009897
|b BOK
|c OPEN SHELF
|e 1st Floor, Shah Alam
|